E.R. - Name the episode #13 - Statistics

General Stats
  • This quiz has been taken 2 times
  • The average score is 7 of 15
Answer Stats
Hint Answer % Correct
Gave birth to twins Great Expectations
100%
Welcomed Neela and Sam in Seattle Old Times
100%
Tried to commit suicide Pilot / 24 Hours
100%
Got hold hostage in a grocery store The Long Way Around
100%
Said goodbye to Doug The Storm
100%
Got admitted to medecine school Calling Dr Hathaway
50%
Didn't marry Tag Everything Old is New Again
50%
Got back together with Doug One More for the Road
50%
Left the ER to reunite with Doug Such Sweet Sorrow
50%
Launched a free clinic in the ER Freak Show
0%
Bought a new home Home
0%
Learned she was pregnant from him Sticks and Stones
0%
Went riding with the paramedics Summer Run
0%
Tried to adopt a young patient The Birthday Party
0%
Kissed Luka The Fastest Year
0%
No matching quizzes found
Score Distribution
Percent of People with Each Score
Percentile by Number Answered
Your Score History
You have not taken this quiz